000 00305nam a22001337a 4500
008 170201b xxu||||| |||| 00| 0 eng d
020 _a9780536267085
041 _aeng
080 _a61
100 _a3
101 _aSHM
245 _aTHE HUMAN BODY IN HEALTH AND DESIASE
_c MARTINI F.H
942 _2udc
_cBK
999 _c4182
_d4182